Most popular boys names in England - Statistics

General Stats
  • This quiz has been taken 47 times
  • The average score is 11 of 30
Answer Stats
Number of boys named Rank Name % Correct
1,543 26 Thomas
79%
1,517 27 William
79%
1,765 20 Harry
76%
3,257 6 George
71%
1,711 22 Jack
68%
3,492 3 Oliver
68%
2,360 14 Henry
66%
1,956 17 Charlie
50%
1,484 30 Jacob
47%
4,139 2 Noah
47%
1,760 21 Mohammad
42%
5,721 1 Muhammad
42%
3,368 4 Arthur
39%
2,814 7 Luca
37%
2,575 10 Archie
34%
3,324 5 Leo
34%
1,550 25 Lucas
32%
2,747 9 Oscar
32%
2,020 16 Alfie
29%
2,369 13 Freddie
29%
1,561 23 Elijah
26%
2,387 12 Theo
24%
2,761 8 Theodore
24%
1,886 18 Finley
18%
1,820 19 Albie
8%
1,588 24 Rory
8%
1,506 29 Teddy
8%
2,220 15 Arlo
5%
2,540 11 Jude
5%
1,516 28 Louie
3%
No matching quizzes found
Score Distribution
Percent of People with Each Score
Percentile by Number Answered
Your Score History
You have not taken this quiz